000
00291nam a22001217a 4500
008
181102b xxu||||| |||| 00| 0 eng d
041
_a
eng
080
_a
101
100
_a
49
101
_a
FIL
245
_a
In Quest Of Value Philosophy And Pesonal Values
_c
Jose.s
942
_2
udc
_c
BK
999
_c
51625
_d
51625